000 00570nam a22001937a 4500
005 20260409112135.0
008 260409b |||||||| |||| 00| 0 eng d
037 _cDSWL
040 _aDSWL
_cDSWL
041 _heng
100 _aHepworth, Dean H.
245 _aDirect Social Work Practice: Theory and Skills
260 _aDelhi,
_bCengage Publication,
_c2018
300 _a678p
365 _aINR
_b1495
700 _aRonald H. Rooney & Glenda Dewberry Rooney
_91234446
942 _2CC
_cTEXL
_n0
999 _c1848153
_d1848153